Flora Of Uttar Pradesh: (Record no. 206248)

MARC details
000 -LEADER
fixed length control field 00753nam a22002057a 4500
005 - DATE AND TIME OF LATEST TRANSACTION
control field 20241010124355.0
010 ## - LCCN (DPL NO)
LC control number ENG-142027
020 ## - INTERNATIONAL STANDARD BOOK NUMBER
International Standard Book Number 9788194991335
Terms of availability 960.00
035 ## - SYSTEM CONTROL NUMBER
System control number EN-122229
037 ## - SOURCE OF ACQUISITION
Source of stock number/acquisition DBAD
082 ## - DEWEY DECIMAL CLASSIFICATION NUMBER
Classification number 581.634
245 ## - TITLE STATEMENT
Title Flora Of Uttar Pradesh:
Remainder of title Araliaceac- Ceratophyllaceac/
Statement of responsibility, etc Edited by G.P. Sinha [and] A.N. Shukla
260 ## - PUBLICATION, DISTRIBUTION, ETC. (IMPRINT)
Place of publication, distribution, etc Kolkata
Name of publisher, distributor, etc The Director, Botanical Survey of India
Date of publication, distribution, etc 2020
270 ## - ADDRESS
Address CGO Complex, 3rd MSO Building, Block - F, 5th & 6th Floor, DF - Block, Sector-1, Salt Lake City
City Kolkata
Postal code 700064
300 ## - PHYSICAL DESCRIPTION
Extent cxxxvi,643p.
Dimensions 25cm.(Hb)
Other physical details col,ill
490 ## - SERIES STATEMENT
Volume number/sequential designation Vol-2
700 ## - ADDED ENTRY--PERSONAL NAME
Personal name Sinha, G.P.
Relator term Editor
9 (RLIN) 72566
700 ## - ADDED ENTRY--PERSONAL NAME
Personal name Shukla, A.N.
Relator term Editor
9 (RLIN) 72567
942 ## - ADDED ENTRY ELEMENTS (KOHA)
Source of classification or shelving scheme Dewey Decimal Classification
Item type English Books
Classification part 581.634
Call number suffix FLO
Holdings
Withdrawn status Lost status Not for loan Collection code Home library Current library Date acquired Source of acquisition Cost, normal purchase price Full call number Barcode Copy number Cost, replacement price Koha item type
    Not For Loan Non-fiction Bawana Bawana 10/10/2024 Delivery of Books Act Division 960.00 581.634 FLO EN-125559 1 960.00 English Books

© Delhi Public Library
Hit Counter
free hit counter